[Event "Scarborough CC Falling Leaves U1700"]
[Site "Toronto CAN"]
[Date "2010.11.11"]
[Round "3"]
[White "Smith, Maurice"]
[Black "Aghamalian, Derick"]
[Result "1-0"]
[WhiteElo "1563"]
[BlackElo "1464"]
[PlyCount "73"]
[EventDate "2010.10.28"]
[EventType "swiss"]
[EventRounds "7"]
[EventCountry "CAN"]

1. d4 d5 2. c4 e6 3. Nc3 Nf6 4. Nf3 Be7 5. Bg5 O-O 6. e3 Nbd7 7. Bd3 b6 8. O-O
Bb7 9. cxd5 exd5 10. Rc1 c5 11. b3 a6 12. h3 Rc8 13. Qe2 Qc7 14. Bf4 Bd6 15.
Bxd6 Qxd6 16. Rc2 Ra8 17. Rfc1 Rfc8 18. Na4 cxd4 19. Nxd4 Nc5 20. Nf5 Qc7 21.
b4 Nxd3 22. Qxd3 Qd8 23. Rxc8 Rxc8 24. Rxc8 Bxc8 25. Nc3 Qd7 26. Nd4 Qc7 27. f3
Qc4 28. Qd2 Qxb4 29. Nc6 Qd6 30. Nd4 Qg3 31. Nde2 Qg5 32. Nf4 Be6 33. Qd4 b5
34. Qb6 Nd7 35. Nxe6 fxe6 36. Qxe6+ Kf8 37. Nxd5 1-0

[Event "Scarborough CC Falling Leaves U1700"]
[Site "Toronto CAN"]
[Date "2010.11.11"]
[Round "3"]
[White "Super, Russell"]
[Black "Moffat, Anthony"]
[Result "1-0"]
[WhiteElo "1457"]
[BlackElo "1308"]
[PlyCount "101"]
[EventDate "2010.10.28"]
[EventType "swiss"]
[EventRounds "7"]
[EventCountry "CAN"]

1. e4 c5 2. Nf3 d6 3. d4 cxd4 4. Nxd4 Nf6 5. Nc3 a6 6. Be2 e6 7. O-O Be7 8. Kh1
O-O 9. f4 Nbd7 10. Be3 b5 11. a3 Bb7 12. Bf3 d5 13. e5 Ne4 14. Nce2 Nec5 15.
Ng3 Nb6 16. b3 Rc8 17. Qe1 Qc7 18. Bd2 f6 19. exf6 Bxf6 20. Nxe6 Nxe6 21. Qxe6+
Rf7 22. Ba5 Bd4 23. Rad1 Bc5 24. b4 Bd6 25. Bxd5 Bxd5 26. Rxd5 Qc6 27. Bxb6 Be7
28. Qxc6 Rxc6 29. Bc5 Re6 30. Bxe7 Rfxe7 31. h3 h6 32. Nf5 Rc7 33. Nd4 Re3 34.
Rf3 Re1+ 35. Kh2 Rc4 36. Rd3 Re4 37. Kg3 h5 38. Kf3 Re1 39. Rd8+ Kh7 40. Ra8
Rf1+ 41. Kg3 h4+ 42. Kg4 Re1 43. Kxh4 Re4 44. Rd8 Rxf4+ 45. Kg3 Kh6 46. Kxf4
g5+ 47. Ke5 Rc7 48. g4 Re7+ 49. Kf6 Rg7 50. Rh8+ Rh7 51. Nf5# 1-0

[Event "Scarborough CC Falling Leaves U1700"]
[Site "Toronto CAN"]
[Date "2010.11.11"]
[Round "3"]
[White "Teram, Eli"]
[Black "Yie, Kevin"]
[Result "1-0"]
[WhiteElo "1311"]
[BlackElo "1263"]
[PlyCount "101"]
[EventDate "2010.10.28"]
[EventType "swiss"]
[EventRounds "7"]
[EventCountry "CAN"]

1. e4 e5 2. Nc3 Nc6 3. Bc4 Nf6 4. Nf3 Bc5 5. O-O O-O 6. d3 h6 7. a3 d6 8. b4
Bb6 9. h3 Be6 10. Nd5 Bxd5 11. exd5 Ne7 12. d4 e4 13. Nh2 Nexd5 14. f3 exf3 15.
Rxf3 Ne7 16. Bxh6 gxh6 17. Rxf6 Ng6 18. Rxg6+ Kh7 19. Rg4 f5 20. Qd3 Qf6 21. c3
Kh8 22. Rf4 Qg5 23. Raf1 Qg6 24. Rxf5 Rxf5 25. Rxf5 c6 26. Rf8+ Kg7 27. Qxg6+
Kxg6 28. Rxa8 Kf5 29. Re8 d5 30. Bd3+ Kf6 31. Ng4+ Kf7 32. Rb8 h5 33. Rxb7+ Ke6
34. Ne5 Kf6 35. Rh7 Kg5 36. Nxc6 Kf4 37. Rd7 Ke3 38. Bb1 Kd2 39. g4 Kxc3 40.
Rxd5 Kb2 41. Be4 Kxa3 42. b5 Ka4 43. g5 Kb3 44. g6 Kc4 45. g7 a5 46. bxa6 Bd8
47. g8=Q Bf6 48. Rf5+ Kc3 49. Rxf6 Kd2 50. Qg2+ Ke3 51. Rf3+ 1-0

[Event "Scarborough CC Falling Leaves U1700"]
[Site "Toronto CAN"]
[Date "2010.11.11"]
[Round "3"]
[White "Termeer, Ted"]
[Black "Aghamalian, Leonid"]
[Result "0-1"]
[WhiteElo "1460"]
[BlackElo "1414"]
[PlyCount "64"]
[EventDate "2010.10.28"]
[EventType "swiss"]
[EventRounds "7"]
[EventCountry "CAN"]

1. Nf3 d5 2. d4 Bf5 3. e3 Nf6 4. Nc3 Nbd7 5. Bd3 Bg6 6. O-O e6 7. a3 c5 8. Re1
Be7 9. Ne5 Nxe5 10. dxe5 Nd7 11. f4 Bh4 12. g3 Be7 13. Qg4 h5 14. Qh3 Bxd3 15.
cxd3 g5 16. Ne2 g4 17. Qg2 Qb6 18. d4 O-O-O 19. Rf1 f5 20. a4 h4 21. Qf2 hxg3
22. hxg3 Rh3 23. Qg2 Rdh8 24. Rf2 Qb3 25. Nc3 Nb6 26. Ra3 Qb4 27. Ra2 cxd4 28.
Ra3 Nc4 29. b3 Nxa3 30. Bxa3 Qxa3 31. Rc2 dxc3 32. Rxc3+ Kb8 0-1

[Event "Scarborough CC Falling Leaves U1700"]
[Site "Toronto CAN"]
[Date "2010.11.11"]
[Round "3"]
[White "Zhang, John"]
[Black "Moraitis, Isaac"]
[Result "0-1"]
[WhiteElo "1557"]
[BlackElo "1282"]
[PlyCount "56"]
[EventDate "2010.10.28"]
[EventType "swiss"]
[EventRounds "7"]
[EventCountry "CAN"]

1. e4 c5 2. Na3 a6 3. c3 d6 4. f4 Nc6 5. Nf3 e6 6. Be2 Be7 7. O-O Nf6 8. d3 b6
9. Nc2 e5 10. f5 d5 11. exd5 Nxd5 12. c4 Nf4 13. Nxe5 Nxe2+ 14. Qxe2 Nxe5 15.
Qxe5 O-O 16. Qe4 Ra7 17. d4 cxd4 18. Nxd4 Bc5 19. Rd1 Re8 20. Qf4 Rae7 21. h3
Re4 22. Qf3 Bxd4+ 23. Kh2 Qd6+ 24. g3 Bb7 25. Rd2 Qe7 26. h4 Rxh4+ 27. gxh4
Bxf3 28. Rxd4 Qe2+ 0-1

[Event "Scarborough CC Falling Leaves U1700"]
[Site "Toronto CAN"]
[Date "2010.11.18"]
[Round "4"]
[White "Aghamalian, Derick"]
[Black "Liang, Phillip"]
[Result "1-0"]
[WhiteElo "1464"]
[BlackElo "1103"]
[PlyCount "120"]
[EventDate "2010.10.28"]
[EventType "swiss"]
[EventRounds "7"]
[EventCountry "CAN"]

1. e4 e5 2. Nf3 Nc6 3. Bc4 Nf6 4. d3 Bc5 5. Nc3 h6 6. Be3 Bb6 7. Na4 O-O 8.
Nxb6 axb6 9. O-O d6 10. h3 Na5 11. Bb3 b5 12. c3 Kh8 13. Bc2 Be6 14. b4 Nc6 15.
Bb3 d5 16. exd5 Bxd5 17. c4 bxc4 18. dxc4 Bxf3 19. Qxf3 e4 20. Qe2 Re8 21. Rfd1
Qc8 22. a3 Qf5 23. c5 Ne5 24. Bd4 Re7 25. Bb2 Ng6 26. Bc2 Nf4 27. Qe3 Qg5 28.
g3 Nxh3+ 29. Kg2 Nf4+ 30. Qxf4 Qxf4 31. gxf4 Rae8 32. Bd4 Ng4 33. Be3 Re6 34.
Bb3 Rf6 35. Rd7 Kg8 36. Rxc7 Nxe3+ 37. fxe3 g5 38. fxg5 hxg5 39. Rf1 Rxf1 40.
Kxf1 Rf8 41. Rxb7 Kg7 42. Re7 Kf6 43. Rxe4 Kf5 44. Bc2 Kf6 45. c6 Rc8 46. b5
Kg7 47. a4 f5 48. Re5 f4 49. Rxg5+ Kf6 50. exf4 Rc7 51. Rg6+ Ke7 52. Rg7+ Kd6
53. Rxc7 Kxc7 54. f5 Kd6 55. f6 Ke6 56. c7 Kxf6 57. c8=Q Ke5 58. Qd7 Kf6 59.
Qe8 Kg7 60. b6 Kf6 1-0

[Event "Scarborough CC Falling Leaves U1700"]
[Site "Toronto CAN"]
[Date "2010.11.18"]
[Round "4"]
[White "Aghamalian, Leonid"]
[Black "Spiliotopoulos, Yakos"]
[Result "0-1"]
[WhiteElo "1414"]
[BlackElo "1467"]
[PlyCount "50"]
[EventDate "2010.10.28"]
[EventType "swiss"]
[EventRounds "7"]
[EventCountry "CAN"]

1. e4 c5 2. Nf3 Nc6 3. d4 cxd4 4. Nxd4 g6 5. Nc3 Bg7 6. Be3 Nf6 7. Bb5 Qc7 8.
O-O a6 9. Bxc6 bxc6 10. f4 d6 11. h3 Bb7 12. Qd3 c5 13. Nde2 c4 14. Qd2 Nxe4
15. Nxe4 Bxe4 16. c3 O-O 17. Nd4 e6 18. Rfd1 Rfd8 19. Qf2 Rab8 20. Rd2 Rb7 21.
Ne2 Rdb8 22. Ng3 Bd3 23. a3 h5 24. Qe1 Rxb2 25. Qc1 Rb1 0-1

[Event "Scarborough CC Falling Leaves U1700"]
[Site "Toronto CAN"]
[Date "2010.11.18"]
[Round "4"]
[White "Azizi, Hamid"]
[Black "Roy, Harrison"]
[Result "1-0"]
[WhiteElo "1441"]
[BlackElo "954"]
[PlyCount "35"]
[EventDate "2010.10.28"]
[EventType "swiss"]
[EventRounds "7"]
[EventCountry "CAN"]

1. e4 e5 2. Nf3 Nf6 3. Nxe5 d6 4. Nxf7 Kxf7 5. Bc4+ Ke8 6. O-O Nxe4 7. Re1 d5
8. Bb3 Bc5 9. d4 Bb4 10. c3 Be7 11. Qh5+ g6 12. Qxd5 Qxd5 13. Bxd5 Nf6 14. Bb3
Nc6 15. Bh6 Na5 16. Bg7 Nxb3 17. axb3 Rg8 18. Bxf6 1-0

[Event "Scarborough CC Falling Leaves U1700"]
[Site "Toronto CAN"]
[Date "2010.11.18"]
[Round "4"]
[White "Karpik, Steve"]
[Black "Cui, Gordon"]
[Result "1-0"]
[WhiteElo "1594"]
[BlackElo "1403"]
[PlyCount "111"]
[EventDate "2010.10.28"]
[EventType "swiss"]
[EventRounds "7"]
[EventCountry "CAN"]

1. Nf3 Nc6 2. c4 e5 3. Nc3 Nf6 4. d3 Bc5 5. Bg5 h6 6. Bh4 Be7 7. Qd2 Ng4 8.
Bxe7 Qxe7 9. h3 Nf6 10. Nb5 Qd8 11. O-O-O d6 12. g4 e4 13. dxe4 Nxe4 14. Qe3
Qe7 15. Nxc7+ Qxc7 16. Qxe4+ Be6 17. Nd4 Nxd4 18. Rxd4 Rd8 19. Kb1 g6 20. Bg2
b6 21. Rhd1 O-O 22. Qb7 Qc5 23. Bd5 Rd7 24. Qc6 Rc8 25. Qxc5 dxc5 26. Bxe6 Rxd4
27. Rxd4 fxe6 28. Rd7 Rf8 29. f3 Rf7 30. Rxf7 Kxf7 31. Kc2 Kf6 32. h4 Ke5 33.
e3 h5 34. g5 Kf5 35. Kd3 a6 36. a4 a5 37. b3 e5 38. Ke2 Ke6 39. e4 Kd6 40. Ke3
Ke6 41. f4 exf4+ 42. Kxf4 Kd6 43. e5+ Ke6 44. Ke4 Kd7 45. Kd5 Ke7 46. e6 Kd8
47. Kd6 Ke8 48. e7 Kf7 49. Kd7 Kg7 50. e8=Q b5 51. cxb5 c4 52. bxc4 Kh7 53. b6
Kg7 54. b7 Kh7 55. b8=R Kg7 56. Qg8# 1-0

[Event "Scarborough CC Falling Leaves U1700"]
[Site "Toronto CAN"]
[Date "2010.11.18"]
[Round "4"]
[White "Moffat, Anthony"]
[Black "Smith, Maurice"]
[Result "0-1"]
[WhiteElo "1308"]
[BlackElo "1563"]
[PlyCount "60"]
[EventDate "2010.10.28"]
[EventType "swiss"]
[EventRounds "7"]
[EventCountry "CAN"]

1. e4 d6 2. Nf3 Nf6 3. Nc3 g6 4. d4 Bg7 5. Bg5 O-O 6. Bd3 Nc6 7. O-O Bg4 8. Re1
Nxd4 9. Be2 Nxe2+ 10. Qxe2 h6 11. Bf4 Nd7 12. Qe3 Kh7 13. e5 Bxf3 14. Qxf3 dxe5
15. Bd2 c6 16. Rad1 Qc7 17. Ne4 Rad8 18. Qh3 f6 19. Bb4 c5 20. Bxc5 Nxc5 21.
Nxc5 Qxc5 22. Rd3 Rxd3 23. cxd3 Rd8 24. Rd1 e4 25. g3 f5 26. Kg2 Rxd3 27. Re1
Qd5 28. Re3 Rxe3 29. fxe3 Qd2+ 30. Kg1 Qxe3+ 0-1

[Event "Scarborough CC Falling Leaves U1700"]
[Site "Toronto CAN"]
[Date "2010.11.18"]
[Round "4"]
[White "Super, Russell"]
[Black "Philip, Andrew"]
[Result "0-1"]
[WhiteElo "1457"]
[BlackElo "1593"]
[PlyCount "52"]
[EventDate "2010.10.28"]
[EventType "swiss"]
[EventRounds "7"]
[EventCountry "CAN"]

1. e4 d5 2. exd5 Qxd5 3. Nc3 Qd6 4. Nf3 Nf6 5. Be2 c6 6. O-O Bf5 7. b3 e6 8.
Bb2 Nbd7 9. d3 h6 10. a4 Qc7 11. Nh4 Bh7 12. Ba3 Bxa3 13. Rxa3 Qd6 14. Ra1 Qd4
15. Ne4 Bxe4 16. dxe4 Qxe4 17. Nf3 O-O-O 18. Qc1 Qxe2 19. Nd2 Nb6 20. Nf3 Qe4
21. Re1 Qb4 22. a5 Nbd7 23. Ra4 Qe7 24. b4 Nd5 25. Qb2 Qf6 26. Qb1 Nc3 0-1

[Event "Scarborough CC Falling Leaves U1700"]
[Site "Toronto CAN"]
[Date "2010.11.18"]
[Round "4"]
[White "Teram, Eli"]
[Black "Zhang, John"]
[Result "0-1"]
[WhiteElo "1311"]
[BlackElo "1557"]
[PlyCount "62"]
[EventDate "2010.10.28"]
[EventType "swiss"]
[EventRounds "7"]
[EventCountry "CAN"]

1. e4 e5 2. Nf3 Nc6 3. Bc4 Nf6 4. Nc3 Be7 5. d3 O-O 6. O-O Na5 7. Nxe5 d6 8.
Nxf7 Rxf7 9. Bxf7+ Kxf7 10. b4 Nc6 11. b5 Ne5 12. h3 c5 13. bxc6 Nxc6 14. Bb2
Ne5 15. Nb5 Qb6 16. Bxe5 dxe5 17. Nc3 Be6 18. Rb1 Qa5 19. Ne2 Qc7 20. c4 Rd8
21. Qb3 b5 22. Qxb5 Rxd3 23. c5 Rd2 24. Nc3 Qxc5 25. Qxc5 Bxc5 26. a4 Bc4 27.
Rfc1 Rxf2 28. Kh2 Rd2 29. Rb7+ Rd7 30. Rb8 Bd6 31. Rc8 Bd3 0-1

[Event "Scarborough CC Falling Leaves U1700"]
[Site "Toronto CAN"]
[Date "2010.11.18"]
[Round "4"]
[White "Thanabalachandran, Kajan"]
[Black "Lin, Benjamin"]
[Result "1-0"]
[WhiteElo "1565"]
[BlackElo "1085"]
[PlyCount "53"]
[EventDate "2010.10.28"]
[EventType "swiss"]
[EventRounds "7"]
[EventCountry "CAN"]

1. e4 e5 2. Nf3 Nc6 3. Bb5 Nf6 4. O-O Nxe4 5. d4 d6 6. dxe5 d5 7. Re1 Bc5 8.
Be3 O-O 9. Bxc5 Nxc5 10. Nc3 Be6 11. Qd2 a6 12. Bf1 d4 13. Ne4 Na4 14. b3 Nb6
15. Nc5 Rb8 16. Rad1 Bg4 17. Be2 Qe7 18. Nd3 Rbd8 19. h3 Bh5 20. Nxd4 Bxe2 21.
Nxe2 Rfe8 22. Ng3 Nxe5 23. Rxe5 Qxe5 24. Nxe5 Rxd2 25. Rxd2 Rxe5 26. Rd8+ Re8
27. Rxe8# 1-0

[Event "Scarborough CC Falling Leaves U1700"]
[Site "Toronto CAN"]
[Date "2010.11.18"]
[Round "4"]
[White "Thanabalachandran, Luxiga"]
[Black "Rodriguez, Sergio"]
[Result "0-1"]
[WhiteElo "679"]
[BlackElo "847"]
[PlyCount "68"]
[EventDate "2010.10.28"]
[EventType "swiss"]
[EventRounds "7"]
[EventCountry "CAN"]

1. e4 e5 2. Nf3 Nc6 3. Nc3 Bb4 4. a3 Bxc3 5. dxc3 Nf6 6. Bb5 Nxe4 7. Qd5 Nf6 8.
Qd1 e4 9. Ng5 h6 10. Nh3 d5 11. Bxc6+ bxc6 12. Bf4 Bg4 13. f3 exf3 14. gxf3 Bh5
15. Be5 Qe7 16. f4 Bxd1 17. Rxd1 O-O 18. Kf1 Ng4 19. Bd4 Ne3+ 20. Bxe3 Qxe3 21.
Nf2 Qxf4 22. b3 Rfe8 23. Re1 Rxe1+ 24. Kxe1 Re8+ 25. Kf1 Qc1+ 26. Kg2 Re1 27.
Rxe1 Qxe1 28. Nd3 Qd2+ 29. Kf3 Qxc2 30. Ne5 Qxc3+ 31. Kf4 g5+ 32. Kf5 Qe1 33.
Nxc6 Qe4+ 34. Kf6 Qe6# 0-1

[Event "Scarborough CC Falling Leaves U1700"]
[Site "Toronto CAN"]
[Date "2010.11.18"]
[Round "4"]
[White "Thanigasalam, Balamurali"]
[Black "Dattani, Dinesh"]
[Result "0-1"]
[WhiteElo "998"]
[BlackElo "1464"]
[PlyCount "54"]
[EventDate "2010.10.28"]
[EventType "swiss"]
[EventRounds "7"]
[EventCountry "CAN"]

1. g3 e5 2. e4 Nf6 3. Nc3 c6 4. Bg2 d5 5. exd5 Nxd5 6. Nxd5 cxd5 7. b3 Bc5 8.
Bb2 d4 9. Qe2 Bd6 10. Qb5+ Qd7 11. Qxd7+ Nxd7 12. O-O-O O-O 13. Re1 a5 14. a4
Rb8 15. Nf3 b5 16. axb5 Rxb5 17. Bf1 Rb6 18. Bc4 Bb7 19. Be2 Rc8 20. Rhg1 Rxb3
21. Ng5 d3 22. c3 dxe2 23. Rxe2 Bd5 24. Ne4 Bxe4 25. Rxe4 Rcb8 26. Kc2 Rxb2+
27. Kd3 Nc5+ 0-1

[Event "Scarborough CC Falling Leaves U1700"]
[Site "Toronto CAN"]
[Date "2010.11.18"]
[Round "4"]
[White "Yie, Kevin"]
[Black "Gandhi, Vishwa"]
[Result "1-0"]
[WhiteElo "1263"]
[BlackElo "962"]
[PlyCount "71"]
[EventDate "2010.10.28"]
[EventType "swiss"]
[EventRounds "7"]
[EventCountry "CAN"]

1. e4 e5 2. Nf3 Nc6 3. Bc4 Bc5 4. c3 d6 5. d3 Nh6 6. O-O Qf6 7. h3 Bd7 8. Kh1
Qg6 9. a4 Qh5 10. Nh2 Qh4 11. Qe2 O-O-O 12. b4 Nd4 13. Qb2 d5 14. Bxd5 Bd6 15.
cxd4 Be7 16. dxe5 g5 17. Qd4 b6 18. a5 g4 19. hxg4 Nxg4 20. Bf4 Bg5 21. Bg3 Qh5
22. Kg1 Bh4 23. Bxh4 Rdg8 24. Bg3 Nxh2 25. Bxh2 Bh3 26. Bg3 Rg6 27. Bxf7 Rd8
28. Bxg6 Qxg6 29. Qe3 Be6 30. axb6 Kb7 31. Rxa7+ Kb8 32. bxc7+ Kc8 33. cxd8=Q+
Kxd8 34. Qb6+ Ke8 35. Qb8+ Bc8 36. Qxc8# 1-0

[Event "Scarborough CC Falling Leaves U1700"]
[Site "Toronto CAN"]
[Date "2010.11.25"]
[Round "5"]
[White "Lin, Benjamin"]
[Black "Xiao, Jerry"]
[Result "1-0"]
[WhiteElo "1085"]
[BlackElo "888"]
[PlyCount "31"]
[EventDate "2010.10.28"]
[EventType "swiss"]
[EventRounds "7"]
[EventCountry "CAN"]

1. c4 e5 2. Nc3 Nf6 3. d3 Ng4 4. e4 Bc5 5. Qxg4 d6 6. Qxg7 Rf8 7. Nf3 d5 8.
exd5 f6 9. Qxh7 f5 10. Bg5 Be7 11. Bxe7 Qd7 12. Qh5+ Rf7 13. Bg5 f4 14. O-O-O
a5 15. Nxe5 Qd6 16. Qxf7# 1-0

[Event "Scarborough CC Falling Leaves U1700"]
[Site "Toronto CAN"]
[Date "2010.11.25"]
[Round "5"]
[White "Palakkal, Anirudh"]
[Black "Thanabalachandran, Luxiga"]
[Result "0-1"]
[WhiteElo "989"]
[BlackElo "679"]
[PlyCount "87"]
[EventDate "2010.10.28"]
[EventType "swiss"]
[EventRounds "7"]
[EventCountry "CAN"]

1. d4 Nf6 2. c4 e6 3. Nf3 d5 4. Na3 Bxa3 5. bxa3 dxc4 6. e3 c3 7. Bb5+ Nc6 8.
Qc2 a6 9. Bd3 Qe7 10. Qxc3 O-O 11. Bc2 Bd7 12. Qd3 e5 13. Ng5 g6 14. O-O exd4
15. exd4 Rfe8 16. Bd2 Qe2 17. a4 Qxd3 18. Bxd3 Nxd4 19. Rab1 b5 20. a5 Ne2+ 21.
Bxe2 Rxe2 22. Rfd1 Ne4 23. Be3 Nc3 24. Rxd7 Nxb1 25. Nf3 f6 26. Rxc7 g5 27. Rc1
Na3 28. Nd4 Rxa2 29. g3 Nc4 30. Re1 Rd8 31. Nc6 Rc8 32. Ne7+ Kf8 33. Nxc8 Nxe3
34. fxe3 Rxa5 35. Rf1 Kf7 36. Nd6+ Ke6 37. Rd1 b4 38. Nc8 b3 39. Rd6+ Kf7 40.
Rb6 Rb5 41. Nd6+ Ke6 42. Rxa6 Rb8 43. Nc4+ Kd5 44. Ra4 0-1

[Event "Scarborough CC Falling Leaves U1700"]
[Site "Toronto CAN"]
[Date "2010.11.25"]
[Round "5"]
[White "Rodriguez, Sergio"]
[Black "Thanabalachandran, Kajan"]
[Result "0-1"]
[WhiteElo "847"]
[BlackElo "1565"]
[PlyCount "46"]
[EventDate "2010.10.28"]
[EventType "swiss"]
[EventRounds "7"]
[EventCountry "CAN"]

1. e4 c5 2. Nf3 Nc6 3. Nc3 d6 4. d4 cxd4 5. Nxd4 Nf6 6. Bb5 Bd7 7. Bxc6 bxc6 8.
f4 Qc7 9. Qe2 e6 10. e5 Nd5 11. Nxd5 cxd5 12. Bd2 Be7 13. O-O-O O-O 14. f5 dxe5
15. Nf3 Rac8 16. c3 Bd6 17. f6 g6 18. Qe3 Rfe8 19. Qh6 Bf8 20. Qh4 h5 21. g4
Qc4 22. b3 Qe4 23. Rhf1 Ba3# 0-1

[Event "Scarborough CC Falling Leaves U1700"]
[Site "Toronto CAN"]
[Date "2010.11.25"]
[Round "5"]
[White "Smith, Maurice"]
[Black "Philip, Andrew"]
[Result "1/2-1/2"]
[WhiteElo "1563"]
[BlackElo "1593"]
[PlyCount "102"]
[EventDate "2010.10.28"]
[EventType "swiss"]
[EventRounds "7"]
[EventCountry "CAN"]

1. e4 d5 2. exd5 Qxd5 3. Nc3 Qd6 4. d4 Nf6 5. Nf3 c6 6. Be2 Bf5 7. O-O Nbd7 8.
a3 e6 9. b4 Be7 10. Bb2 O-O 11. Re1 b5 12. h3 a6 13. Bd3 Bxd3 14. Qxd3 Nb6 15.
Ne5 Nbd5 16. Qf3 a5 17. Nxd5 cxd5 18. Nd3 Ne4 19. Qe2 Qc6 20. Nc5 Nf6 21. Qd3
Rfe8 22. Bc3 a4 23. Bd2 Nd7 24. Bf4 Nb6 25. Qg3 Bf8 26. Be5 Nc4 27. Bf4 g6 28.
Re2 Bg7 29. c3 Ra7 30. Qf3 Qc8 31. Be5 Qd8 32. Bxg7 Kxg7 33. Qf4 Qf6 34. Qxf6+
Kxf6 35. f4 g5 36. Rf2 gxf4 37. Rxf4+ Kg7 38. Rg4+ Kh8 39. Rf4 Rg8 40. Kf2 Rg6
41. g3 Kg7 42. Nd3 Rf6 43. Rxf6 Kxf6 44. Kf3 Kg7 45. g4 Re7 46. h4 f6 47. Nf4
Nd6 48. Nh5+ Kf7 49. Nf4 Ne4 50. Re1 Rc7 51. Ne2 Nd6 1/2-1/2

[Event "Scarborough CC Falling Leaves U1700"]
[Site "Toronto CAN"]
[Date "2010.11.25"]
[Round "5"]
[White "Spiliotopoulos, Yakos"]
[Black "Moffat, Anthony"]
[Result "1-0"]
[WhiteElo "1467"]
[BlackElo "1308"]
[PlyCount "47"]
[EventDate "2010.10.28"]
[EventType "swiss"]
[EventRounds "7"]
[EventCountry "CAN"]

1. e4 c5 2. Nf3 d6 3. d4 cxd4 4. Nxd4 Nf6 5. Nc3 a6 6. f3 e6 7. Be3 Be7 8. Qd2
O-O 9. Bd3 Nbd7 10. Nb3 b5 11. f4 Bb7 12. a3 Rc8 13. h3 Nh5 14. g4 Nhf6 15. g5
Nh5 16. Rg1 e5 17. f5 Nf4 18. Bxf4 exf4 19. Qxf4 Ne5 20. f6 Qb6 21. O-O-O gxf6
22. gxf6+ Ng6 23. fxe7 Rfe8 24. h4 1-0

[Event "Scarborough CC Falling Leaves U1700"]
[Site "Toronto CAN"]
[Date "2010.11.25"]
[Round "5"]
[White "Termeer, Ted"]
[Black "Aghamalian, Derick"]
[Result "1/2-1/2"]
[WhiteElo "1460"]
[BlackElo "1464"]
[PlyCount "77"]
[EventDate "2010.10.28"]
[EventType "swiss"]
[EventRounds "7"]
[EventCountry "CAN"]

1. e4 e5 2. Nf3 Nc6 3. Bb5 a6 4. Bxc6 dxc6 5. Nxe5 Qd4 6. Nd3 Qxe4+ 7. Qe2 Bf5
8. Nc3 Qxe2+ 9. Nxe2 Bd6 10. O-O Nf6 11. Ne1 O-O 12. d3 Rfe8 13. Ng3 Bg4 14.
Nf3 Nd5 15. Ng5 Bf4 16. Bxf4 Nxf4 17. f3 Bd7 18. N5e4 b6 19. Rae1 f5 20. Nc3 g6
21. Kf2 Nd5 22. Rxe8+ Rxe8 23. Nxd5 cxd5 24. Re1 c5 25. Rxe8+ Bxe8 26. Ke3 Kf7
27. Kf4 Kf6 28. Ne2 Bc6 29. h3 g5+ 30. Kg3 h5 31. Kf2 f4 32. g4 h4 33. d4 c4
34. c3 Ba4 35. Ke1 Bc2 36. Kd2 Bd3 37. Ke1 b5 38. b4 Ke6 39. a3 1/2-1/2

[Event "Scarborough CC Falling Leaves U1700"]
[Site "Toronto CAN"]
[Date "2010.11.25"]
[Round "5"]
[White "Veecock, Carl"]
[Black "Azizi, Hamid"]
[Result "0-1"]
[WhiteElo "1397"]
[BlackElo "1441"]
[PlyCount "64"]
[EventDate "2010.10.28"]
[EventType "swiss"]
[EventRounds "7"]
[EventCountry "CAN"]

1. Nf3 Nf6 2. g3 d5 3. Bg2 e6 4. O-O c5 5. d4 Nc6 6. dxc5 Bxc5 7. Bg5 Qb6 8.
Bxf6 gxf6 9. b3 Bd7 10. Nc3 Nd4 11. Rb1 Qb4 12. Qd2 Rc8 13. Nd1 Nxc2 14. Qxb4
Bxb4 15. Nb2 Bb5 16. Nd3 Ba3 17. Nfe1 Ke7 18. b4 Nd4 19. e3 Ne2+ 20. Kh1 Nc1
21. Rxc1 Bxc1 22. Rg1 b6 23. Nxc1 Rxc1 24. Nf3 Rhc8 25. Nd4 Rxg1+ 26. Kxg1 Rc1+
27. Bf1 Bxf1 28. h4 Kd7 29. Kh2 e5 30. a4 exd4 31. exd4 Ke6 32. f4 Kf5 0-1

[Event "Scarborough CC Falling Leaves U1700"]
[Site "Toronto CAN"]
[Date "2010.11.25"]
[Round "5"]
[White "Vyravanathan, Sobiga"]
[Black "Stroempl, Hedi"]
[Result "0-1"]
[WhiteElo "1280"]
[BlackElo "1040"]
[PlyCount "94"]
[EventDate "2010.10.28"]
[EventType "swiss"]
[EventRounds "7"]
[EventCountry "CAN"]

1. e4 e5 2. Nf3 d6 3. d4 exd4 4. Nxd4 Nf6 5. Nc3 Bd7 6. Bc4 Nc6 7. O-O g6 8.
Bg5 h6 9. Bh4 Bg7 10. Re1 Ne5 11. Bb3 c5 12. Nf3 Qc7 13. Bxf6 Bxf6 14. Nd5 Qd8
15. Nc3 Nxf3+ 16. Qxf3 O-O 17. Qf4 Be5 18. Qxh6 Re8 19. Qe3 b5 20. Bd5 Rb8 21.
Qf3 Qf6 22. Qxf6 Bxf6 23. Rab1 b4 24. Ne2 Kh7 25. Bxf7 Rxe4 26. Bd5 Re5 27. Bc4
d5 28. Rbd1 Bc6 29. Ba6 Rbe8 30. Kf1 d4 31. Nf4 Be4 32. Nd3 Rg5 33. f3 Bc6 34.
Rxe8 Bxe8 35. Re1 Bf7 36. Re4 Kg7 37. Kf2 Rd5 38. Bc4 Rd7 39. Bxf7 Kxf7 40.
Nxc5 Rc7 41. Nd3 Rxc2+ 42. Re2 Rc4 43. b3 Rc3 44. Nxb4 d3 45. Rd2 Bd4+ 46. Kf1
Rc1+ 47. Rd1 Rxd1# 0-1

[Event "Scarborough CC Falling Leaves U1700"]
[Site "Toronto CAN"]
[Date "2010.11.25"]
[Round "5"]
[White "Yie, Kevin"]
[Black "Graham, John"]
[Result "0-1"]
[WhiteElo "1263"]
[BlackElo "1485"]
[PlyCount "78"]
[EventDate "2010.10.28"]
[EventType "swiss"]
[EventRounds "7"]
[EventCountry "CAN"]

1. e4 e5 2. Nf3 Nc6 3. Bc4 d6 4. c3 h6 5. d3 Nf6 6. Nbd2 Be7 7. O-O O-O 8. Re1
Nd7 9. Nf1 Nb6 10. Bb3 Na5 11. Bc2 f5 12. exf5 Bxf5 13. Ng3 Bg4 14. Qe2 Bxf3
15. gxf3 Bg5 16. Bxg5 Qxg5 17. Qd1 Kh8 18. b4 Nc6 19. a4 Nd5 20. Bb3 Nce7 21.
Kf1 Nf4 22. Re4 Ned5 23. Qd2 c6 24. c4 Qh4 25. cxd5 Qxh2 26. Rxf4 Rxf4 27. dxc6
bxc6 28. Ke2 Raf8 29. Qe3 Qg2 30. Ne4 Rxf3 31. Qxa7 d5 32. Bd1 dxe4 33. dxe4
Rxf2+ 34. Qxf2 Qxf2+ 35. Kd3 Qd4+ 36. Kc2 Qxa1 37. Kb3 Qc1 38. Bc2 Rf3+ 39. Ka2
Ra3# 0-1

[Event "Scarborough CC Falling Leaves U1700"]
[Site "Toronto CAN"]
[Date "2010.11.25"]
[Round "5"]
[White "Zhang, John"]
[Black "Karpik, Steve"]
[Result "1-0"]
[WhiteElo "1557"]
[BlackElo "1594"]
[PlyCount "51"]
[EventDate "2010.10.28"]
[EventType "swiss"]
[EventRounds "7"]
[EventCountry "CAN"]

1. e4 d6 2. d4 Nf6 3. Nc3 g6 4. Nf3 Bg7 5. Bd3 O-O 6. h3 c6 7. Be3 Nfd7 8. O-O
e5 9. Qd2 b6 10. Bh6 Ba6 11. Bxa6 Nxa6 12. Rad1 Re8 13. Bxg7 Kxg7 14. dxe5 dxe5
15. Qxd7 Qf6 16. Rd6 Qf4 17. Qg4 Qxg4 18. hxg4 c5 19. Rfd1 Nb4 20. R1d2 Rec8
21. Nxe5 Na6 22. Rd7 Rf8 23. Nb5 Rae8 24. f4 g5 25. g3 Nb4 26. Nd6 1-0

[Event "Scarborough CC Falling Leaves U1700"]
[Site "Toronto CAN"]
[Date "2010.12.02"]
[Round "6"]
[White "Aghamalian, Derick"]
[Black "Karpik, Steve"]
[Result "0-1"]
[WhiteElo "1464"]
[BlackElo "1594"]
[PlyCount "80"]
[EventDate "2010.10.28"]
[EventType "swiss"]
[EventRounds "7"]
[EventCountry "CAN"]

1. e4 d6 2. d4 Nf6 3. Nc3 g6 4. Nf3 Bg7 5. Bf4 O-O 6. Be2 Nbd7 7. O-O c5 8. d5
a6 9. a4 Qb6 10. b3 Ng4 11. Qd3 Nge5 12. Nxe5 Nxe5 13. Bxe5 Bxe5 14. Kh1 Qa5
15. Na2 Bxa1 16. Rxa1 Bd7 17. c4 Qc7 18. Nc3 f5 19. f3 fxe4 20. Nxe4 Bf5 21.
Qe3 Bxe4 22. Qxe4 Qd7 23. Re1 Rae8 24. Bd3 Rf6 25. Qg4 Qxg4 26. fxg4 e5 27.
dxe6 Rexe6 28. Rxe6 Rxe6 29. Kg1 a5 30. Kf2 Kf7 31. Be2 g5 32. Bf3 Rf6 33. Ke2
b6 34. Ke3 Re6+ 35. Kd3 Kf6 36. Be4 h6 37. g3 Ke5 38. Ke3 Rf6 39. Bg2 Rf8 40.
Kd3 Rf2 0-1